| 000 | 00861nam a22001577a 4500 | ||
|---|---|---|---|
| 003 | OSt | ||
| 005 | 20151210113144.0 | ||
| 008 | 151210b xxu||||| |||| 00| 0 eng d | ||
| 040 | _cRUA | ||
| 082 | _aATM CHH 2004 B205 Or.1 | ||
| 100 |
_94652 _aCHHIEU, CHHINARATH |
||
| 245 | _aStudy on women's income generation through small-scaled handicraft in kompong speu province caaep, ការសិក្សាពីការរកប្រាក់ចំណូលរបស់ស្រ្តីតាមរយៈការធ្វើសិប្បកម្មខ្នាតតូចនៅខេត្តកំពង់ស្ពឺរបស់គំរោងការផ្សព្វផ្សាយកសិកម្មកម្ពុជា-អូស្រ្តាលី | ||
| 260 |
_aPhnom Penh _bRUA _c2004 |
||
| 300 |
_aviii, 49p. _bill. _c29cm. |
||
| 942 |
_2ddc _cATM |
||
| 999 |
_c4336 _d4336 |
||